000 01244cab a22002415a 4500
001 L143255
008 080421e20080419xxkdo f s 000 0 eng d
035 _a(Sirsi) u143255
041 0 _aeng
110 2 _aEstates Gazette
_9298
245 0 0 _aEG
_bresidential
260 _c2008
490 _aEstates Gazette
_v(0815) 19 April 2008, 107-133(20)
520 _aReveals average house prices in the various regions around Great Britain. Discusses the future for the market in light of major price falls and low turnover in the US. Reports that as affordability has declined, the average one-bedroom flat in London has reduced in size, although this trend has not been repeated in the two-bedroom market. Looks at trends and plans in micro-flat developments, noting that many developers are increasingly reticent about the size of their new properties. Considers the DCLG's Rugg review into the private rented sector. Examines oversupply in northern areas caused by the property slump.
590 _aKA
651 4 _aGreat Britain
_y1707-
690 _aPROPERTY-RESIDENTIAL PROPERTY-RESIDENTIAL PROPERTY MARKET
700 1 _aDonnell, Richard
700 1 _aQuinn, David
700 1 _aNeale, Jon
700 1 _aNorwood, Graham
942 _n0
999 _c80115
_d80115